|
|
|
|
| LEADER |
00000nab a2200000 a 4500 |
| 001 |
vtls008940402 |
| 003 |
SK-MaSNL |
| 005 |
20260304143603.0 |
| 008 |
250505c2006 xo |||||||||||000 b|slo |
| 015 |
|
|
|a SNBRB2007/01
|2 snkbucl
|
| 035 |
|
|
|a (uuid)e563f092-7973-4817-8b25-1c14cd722f60
|
| 035 |
|
|
|a urn:nbn:sk:snk-ab9f8w
|
| 035 |
|
|
|a (urnnbn)urn:nbn:sk:snk:ar-a08ca7
|
| 038 |
|
|
|a SNKBUCL
|
| 040 |
|
|
|a SNKBUCL
|b slo
|c SNKBUCL
|e AACR2
|
| 041 |
0 |
|
|a slo
|
| 044 |
|
|
|a xo
|c SK
|
| 080 |
|
|
|a 682.5:061.5
|2 1997
|
| 100 |
1 |
|
|a Patráš, Igor
|4 aut
|9 268147
|
| 245 |
1 |
0 |
|a Blum - inšpirujúci rozvoj
|b objektívom šéfredaktora
|c Igor Patráš
|
| 300 |
|
|
|b Fotogr.
|
| 610 |
2 |
7 |
|a Julius Blum
|2 snkbucl
|9 1464590
|
| 655 |
|
7 |
|a reportáže
|2 snkbucl
|9 28856
|
| 773 |
0 |
|
|t Stolársky magazín
|g Roč. 7, č. 10 (2006), s. 28-29
|x 1335-7018
|
| 850 |
|
|
|a Slovenská národná knižnica
|
| 852 |
|
|
|a Slovenská národná knižnica
|
| 954 |
|
|
|a odborná, vedecká literatúra pôvodná (slovenská)
|2 lita
|
| 958 |
|
|
|a article13
|
| 958 |
|
|
|a OND
|
| 958 |
|
|
|a EUIPO
|
| 999 |
|
|
|c 2926328
|d 2928258
|